A méz a természet kincse

Bibliográfiai részletek
Szerző: Lencsés Eszter
További közreműködők: Fekete-Frojimovics Dr. Zsófia
Dokumentumtípus: Diplomadolgozat
Kulcsszavak:méz
Online Access:http://dolgozattar.uni-bge.hu/4349

MARC

LEADER 00000nta a2200000 i 4500
001 dolg4349
005 20160204110726.0
008 151209suuuu hu om 000 hun d
040 |a BGE Dolgozattár Repozitórium  |b hun 
041 |a hu 
100 1 |a Lencsés Eszter 
245 1 2 |a A méz a természet kincse  |c Lencsés Eszter  |h [elektronikus dokumentum] 
695 |a méz 
700 1 |a Fekete-Frojimovics Dr. Zsófia  |e ths 
856 4 0 |u http://dolgozattar.uni-bge.hu/4349/1/Szakdolgozat_LE_.pdf  |z Dokumentum-elérés